Miasta w Polsce na literę O - Statystyki

Ogólne statystyki
  • Ten quiz został rozwiązany 270 razy
    50 od ostatniego zresetowania
  • Średni wynik to 26 z 49
Statystyki odpowiedzi
Liczba mieszkańców Województwo Miasto % Poprawnych
165 855 warmińsko-mazurskie Olsztyn
100%
2438 śląskie Olsztyn
100%
125 095 opolskie Opole
100%
60 695 świętokrzyskie Ostrowiec Świętokrzyski
97%
68 333 wielkopolskie Ostrów Wielkopolski
97%
31 688 małopolskie Olkusz
83%
5769 świętokrzyskie Opatów
83%
33 029 dolnośląskie Oława
80%
34 799 dolnośląskie Oleśnica
80%
1708 świętokrzyskie Oleśnica
80%
30 864 warmińsko-mazurskie Ostróda
80%
47 443 mazowieckie Ostrołęka
80%
21 324 mazowieckie Ostrów Mazowiecka
74%
43 320 mazowieckie Otwock
74%
18 520 łódzkie Opoczno
71%
35 121 małopolskie Oświęcim
71%
15 517 warmińsko-mazurskie Olecko
69%
7149 warmińsko-mazurskie Olsztynek
69%
13 392 wielkopolskie Ostrzeszów
69%
8940 opolskie Olesno
60%
16 994 wielkopolskie Oborniki
57%
4083 świętokrzyskie Ożarów
57%
9188 wielkopolskie Opalenica
54%
3461 wielkopolskie Opatówek
54%
5185 warmińsko-mazurskie Orzysz
51%
7675 lubelskie Opole Lubelskie
49%
16 209 mazowieckie Ożarów Mazowiecki
49%
17 748 łódzkie Ozorków
49%
8872 dolnośląskie Oborniki Śląskie
46%
3801 śląskie Ogrodzieniec
46%
6058 opolskie Otmuchów
46%
7835 warmińsko-mazurskie Orneta
40%
22 231 śląskie Orzesze
37%
306 świętokrzyskie Opatowiec
34%
7717 opolskie Ozimek
34%
4267 dolnośląskie Olszyna
29%
3850 lubuskie Ośno Lubuskie
29%
1114 mazowieckie Osieck
26%
1330 łódzkie Osjaków
26%
4903 wielkopolskie Odolanów
23%
991 mazowieckie Odrzywół
23%
1947 świętokrzyskie Osiek
23%
1888 lubelskie Ostrów Lubelski
23%
2390 wielkopolskie Obrzycko
17%
1812 wielkopolskie Ostroróg
17%
3536 wielkopolskie Okonek
14%
2760 podkarpackie Oleszyce
14%
1816 lubuskie Otyń
14%
2427 wielkopolskie Osieczna
11%
Nie znaleziono quizów pasujących do podanych kryteriów
Rozkład punktacji
Procent ludzi z każdym wynikiem
Percentyl według liczby udzielonych odpowiedzi
Twoja historia wyników
Nie rozwiązałeś tego quizu od ostatniego zresetowania